Statistics for Complete the Card - NXT Vengeance Day 2023

Click here to take the quiz!

General Stats

  • This quiz has been taken 35 times
  • The average score is 15 of 21

Answer Stats

HintAnswer% Correct
Steel Cage NXT Championship MatchBron Breakker
96%
Two out of Three Falls MatchCarmelo Hayes
96%
Triple Threat NXT Women's Championship MatchRoxanne Perez
88%
NXT North American Championship MatchWes Lee
85%
Triple Threat NXT Women's Championship MatchGigi Dolin
81%
Steel Cage NXT Championship MatchGrayson Waller
81%
Triple Threat NXT Women's Championship MatchJacy Jayne
81%
NXT Women's Tag Team Championship MatchKatana Chance
73%
Fatal Four-Way NXT Tag Team Championship MatchKofi Kingston
73%
Fatal Four-Way NXT Tag Team Championship MatchXavier Woods
73%
Two out of Three Falls MatchApollo Crews
69%
NXT North American Championship MatchDijak
69%
Fatal Four-Way NXT Tag Team Championship MatchElton Prince
69%
NXT Women's Tag Team Championship MatchKayden Carter
69%
NXT Women's Tag Team Championship MatchKiana James
69%
Fatal Four-Way NXT Tag Team Championship MatchKit Wilson
69%
Fatal Four-Way NXT Tag Team Championship MatchMark Coffey
69%
Fatal Four-Way NXT Tag Team Championship MatchWolfgang
69%
NXT Women's Tag Team Championship MatchFallon Henley
65%
Fatal Four-Way NXT Tag Team Championship MatchAndre Chase
50%
Fatal Four-Way NXT Tag Team Championship MatchDuke Hudson
50%

Score Distribution

Percentile by Number Answered

Percent of People with Each Score

Your Score History

You have not taken this quiz